Centrales eléctricas
Gespeichert in:
| 1. Verfasser: | |
|---|---|
| Format: | Buch |
| Sprache: | Spanisch |
| Veröffentlicht: |
Barcelona
Gustavo Gili
1971
|
| Schlagworte: | |
| Tags: |
Tag hinzufügen
Keine Tags, Fügen Sie den ersten Tag hinzu!
|
MARC
| LEADER | 00000nam a2200000 a 4500 | ||
|---|---|---|---|
| 001 | UCU6091 | ||
| 003 | CL-VaPUC | ||
| 008 | 960614e19710000SP |||||||||||||||||spa|d | ||
| 082 | 0 | 4 | |a 621.31 |b POT |2 21 |
| 100 | 0 | |a Potess, E. Santo |e author |9 364207 | |
| 245 | 1 | 0 | |a Centrales eléctricas |
| 300 | |a 619 p | ||
| 942 | |c BK | ||
| 945 | |d 19960614 00:00:00 |a lriquelm | ||
| 260 | |a Barcelona |b Gustavo Gili |c 1971 | ||
| 650 | 0 | |a Centrales eléctricas |9 263580 | |
| 650 | 0 | |a Generación de energía eléctrica |9 345677 | |
| 650 | 7 | |a POTENCIA |2 CL-VaPUC |9 364208 | |
| 650 | 7 | |a CENTRALES HIDROELECTRICAS |2 CL-VaPUC |9 263331 | |
| 650 | 0 | |a Alternadores |9 361232 | |
| 650 | 0 | |a Voltaje |9 362861 | |
| 650 | 7 | |a REPETIDORES |2 CL-VaPUC |9 363106 | |
| 583 | |a last modification |c 19960614 00:00:00 |k Rodrigo Vera | ||
| 999 | |c 249144 |d 249142 | ||
| 952 | |0 0 |1 0 |4 0 |6 621_310000000000000_POT_1971 |7 0 |8 A |9 266204 |a BIBMEC |b BIBMEC |d 2019-11-19 |i 1328514 |o 621.31 POT 1971 |p 1328514 |r 2024-01-19 |w 2019-11-19 |y BK |k MEC | ||